000 00530nam a22001817a 4500
003 KOHA_MİRAKIL
005 20251224152802.0
008 251224b tu ||||| |||| 00| 0 tur d
020 _a9786053602743
040 _aTR-AnABB
_btur
_cTR-AnABB
041 _atur
082 _a956.101542
_bTAN 2012
245 1 0 _aTanzimat değişim sürecinde Osmanlı İmparatorluğu /
260 _aİstanbul :
_bTürkiye İş Bankası Yayınları,
_c2012
300 _a826 sayfa ;
_c22 cm
650 0 4 _aOsmanlı tarihi
942 _2ddc
_cBK
999 _c9946
_d9946
900 _bGizem YORULMAZ